There are at least 10... - Sudden death - Statistics

General Stats
  • This quiz has been taken 71 times
  • The average score is 4 of 21
Answers on the Grid
Answers color-coded by a green-red scale on the quiz's grid according to % correct below.
...countries that begin with the letter S
...countries bordering Brazil
...mountains over 8000 meters above sea level
...countries crossed by the Danube
...players on a soccer team
...zodiac signs
...cranial nerves
...inches in a meter
...James Bond movies
...soccer players who have won at least 2 Ballon d'Or
...countries that have won at least 100 medals in the Olympic Games
...chromosomes in a human cell
...countries that are members of OPEC
...states of the United States that border the Atlantic Ocean
...bones in the foot
...grams in a mole of water
...popes with a pontificate of at least 20 years
...time zones in Russia
...apostles of Jesus
...consonants in the Latin alphabet
...faces in an icosahedron
...english teams that have won the UEFA Champions League
...natural satellites of Venus
...founding countries of the European Union
...lakes larger than the Caspian Sea
...books in the "Game of Thrones" saga
...countries with more people than Bangladesh
...continents
...days in a week
...Nobel Prize categories
...planets in the solar system
...countries that have won the FIFA World Cup
...countries that have nuclear weapons
...noble gases
...divisors of the number 100
...stars on the flag of Bosnia and Herzegovina
...sides in an ennagon
...capitals further north than Minsk
...legs in a spider
...weeks in 2 months
...leap years in 30 years
...cities with more than 20 million people in China
 
Answer Stats
Answer % Correct
...zodiac signs
39%
...bones in the foot
33%
...states of the United States that border the Atlantic Ocean
33%
...James Bond movies
31%
...apostles of Jesus
28%
...inches in a meter
25%
...chromosomes in a human cell
19%
...faces in an icosahedron
19%
...countries that begin with the letter S
17%
...grams in a mole of water
17%
...players on a soccer team
17%
...consonants in the Latin alphabet
14%
...countries that have won at least 100 medals in the Olympic Games
14%
...time zones in Russia
14%
...cranial nerves
11%
...countries bordering Brazil
8%
...mountains over 8000 meters above sea level
8%
...countries that are members of OPEC
6%
...popes with a pontificate of at least 20 years
6%
...soccer players who have won at least 2 Ballon d'Or
3%
...countries crossed by the Danube
0%
No matching quizzes found
Score Distribution
Percent of People with Each Score
Percentile by Number Answered
Your Score History
You have not taken this quiz